00608nam a2200193Ia 4500008004100000020001800041082001600059100002000075245004400095250000800139260004400147300002300191500001900214600001500233650001500248942000700263952012700270999001700397240925s9999 xx 000 0 und d a9780470919668 a658.022 APP aApplegate, Jane 0a201 Great Ideas For Your Small Business a3rd aNew Jersey:bJohn wiley & Sonsc,2011. a304p.b0fOriginal aIncludes Index aManagement aManagement cBK 001040708MANaUITUbUITUd2018-12-23eBook Stationg340.00l0o658.022 APPpQ12493r2024-09-25 07:16:30w2024-09-25yBK c14992d14992